Learning Resource and Development

Electromagnetic time reversal : (Record no. 9191)

MARC details
000 -LEADER
fixed length control field 01038nam a22003137a 4500
005 - DATE AND TIME OF LATEST TRANSACTION
control field 20230512223301.0
008 - FIXED-LENGTH DATA ELEMENTS--GENERAL INFORMATION
fixed length control field 190617t xxu||||| |||| 00| 0 eng d
020 ## - INTERNATIONAL STANDARD BOOK NUMBER
International Standard Book Number 9781119142089
040 ## - CATALOGING SOURCE
Transcribing agency CSPC
082 0# - DEWEY DECIMAL CLASSIFICATION NUMBER
Classification number 621.310153
Item number El256
245 00 - TITLE STATEMENT
Title Electromagnetic time reversal :
Remainder of title application to electromagnetic compatibility and power systems /
260 ## - PUBLICATION, DISTRIBUTION, ETC.
Place of publication, distribution, etc. New Jersey :
Name of publisher, distributor, etc. John Wiley & Sons
Date of publication, distribution, etc. 2017.
300 ## - PHYSICAL DESCRIPTION
Extent xvii, 280 pages :
Other physical details figures ;
Dimensions 22 cm.
336 ## - CONTENT TYPE
Source rdacontent
Content type term text
337 ## - MEDIA TYPE
Source rdamedia
Media type term unmediated
338 ## - CARRIER TYPE
Source rdacarrier
Carrier type term volume
500 ## - GENERAL NOTE
General note Includes bibliographical references and index.
650 10 - SUBJECT ADDED ENTRY--TOPICAL TERM
Topical term or geographic name entry element Time reversal.
650 10 - SUBJECT ADDED ENTRY--TOPICAL TERM
Topical term or geographic name entry element Electromagnetism.
650 10 - SUBJECT ADDED ENTRY--TOPICAL TERM
Topical term or geographic name entry element Electromagnetic compatibility.
650 10 - SUBJECT ADDED ENTRY--TOPICAL TERM
Topical term or geographic name entry element Electric power systems.
700 1# - ADDED ENTRY--PERSONAL NAME
Personal name Farhad Rachidi
Relator term editor
700 1# - ADDED ENTRY--PERSONAL NAME
Personal name Marcos Rubinstein
Relator term editor
700 1# - ADDED ENTRY--PERSONAL NAME
Personal name Mario Paolone
Relator term editor
940 ## - EQUIVALENCE OR CROSS-REFERENCE--UNIFORM TITLE [OBSOLETE] [CAN/MARC only]
Uniform title <a href="123">123</a>
942 ## - ADDED ENTRY ELEMENTS (KOHA)
Koha item type
-- ENG 621.310153 El256 2017
Holdings
Withdrawn status Lost status Source of classification or shelving scheme Damaged status Not for loan Home library Current library Shelving location Date acquired Total Checkouts Full call number Barcode Date last seen Date last checked out Copy number Price effective from Koha item type
          Main Library Main Library Engineering Section 05/12/2023 1 ENG 621.310153 El256 2017 020908 02/17/2025 02/17/2025 1-1 05/12/2023 Books